[Event "ch-UZB Major 2012"]
[Site "Tashkent UZB"]
[Date "2012.05.27"]
[Round "11"]
[White "Alikulov,Elbek"]
[Black "Faizulaev,A"]
[Result "1/2-1/2"]
[WhiteElo "2249"]
[BlackElo "2289"]

1.e4 c5 2.Nf3 Nc6 3.d4 cxd4 4.Nxd4 Nf6 5.Nc3 d6 6.Bg5 e6 7.Qd2 a6 8.O-O-O Bd7
9.f4 b5 10.Bxf6 gxf6 11.Kb1 b4 12.Nce2 Qb6 13.f5 Nxd4 14.Nxd4 e5 15.Nf3 Rc8
16.Bd3 a5 17.Qe2 Bh6 18.h4 a4 19.g4 Bf4 20.Bc4 Qc5 21.Ba6 Ra8 22.Rd5 Qb6
23.Bb5 Ra5 24.Bxd7+ Kxd7 25.Rxa5 Qxa5 26.Qc4 Ke7 27.Rd1 Qb6 28.g5 Rg8 29.Rd5 Rd8
30.Rb5 Qe3 31.Rb7+ Rd7 32.Rxd7+ Kxd7 33.Qxf7+ Kc8 34.Qe6+ Kc7 35.Qe7+ Kc6
36.Qe8+ Kc5 37.Qc8+ Kb6 38.Qb8+ Kc6 39.Qa8+ Kc7 40.Qa5+ Kd7 41.Qb5+ Kc7 42.Qc4+ Kd7
43.Qe6+ Kc7 44.Qc4+ Kd8 45.Qg8+ Kc7 46.Qc4+  1/2-1/2

[Event "Albena Masters Open 2012"]
[Site "Albena BUL"]
[Date "2012.05.28"]
[Round "3.40"]
[White "Baryshpolets,A"]
[Black "Ivanov,Do"]
[Result "1-0"]
[WhiteElo "2487"]
[BlackElo "1808"]

1.e4 c5 2.Nf3 Nc6 3.d4 cxd4 4.Nxd4 Nf6 5.Nc3 d6 6.Bg5 Qb6 7.Nb3 e6 8.Bf4 Ne5
9.Be3 Qd8 10.f4 Nc6 11.g4 Be7 12.g5 Nd7 13.h4 a6 14.Bg2 Nc5 15.Qe2 Nxb3 16.axb3 Bd7
17.Qf2 Nb4 18.O-O O-O 19.f5 f6 20.g6 hxg6 21.fxg6 Be8 22.h5 f5 23.Qd2 Bc6
24.exf5 Bxg2 25.Qxg2 d5 26.fxe6 d4 27.Rxf8+ Bxf8 28.Rd1 Bc5 29.Bf2 Nxc2 30.Ne4 Ba7
31.Qf3 Qe7 32.Qf7+ Qxf7 33.exf7+ Kf8 34.Bg3 d3+ 35.Kh1 Rd8 36.Bd6+ Rxd6 37.Nxd6 Nb4
38.Re1  1-0

[Event "Asian Junior Open 2012"]
[Site "Tashkent UZB"]
[Date "2012.05.30"]
[Round "1.4"]
[White "Narayanan,Sri"]
[Black "Guseynov,A"]
[Result "1-0"]
[WhiteElo "2383"]
[BlackElo "2134"]

1.e4 c5 2.Nf3 Nc6 3.d4 cxd4 4.Nxd4 Nf6 5.Nc3 d6 6.Bg5 Bd7 7.Be2 e6 8.Ndb5 Qb8
9.a4 h6 10.Bxf6 gxf6 11.O-O a6 12.Na3 Qc7 13.Bh5 Ne5 14.Kh1 Rh7 15.f4 Nc4
16.Nxc4 Qxc4 17.f5 O-O-O 18.fxe6 fxe6 19.Rxf6 Be7 20.Rf3 Kb8 21.Qd3 Qc5 22.Bg4 Rg7
23.Bh3 Qe5 24.Rd1 Rf8 25.Rxf8+ Bxf8 26.b3 Be7 27.Nb1 Bc6 28.Nd2 d5 29.Nf3 Qxe4
30.Qc3 d4 31.Nxd4 Bd5 32.Nc6+ Bxc6 33.Qxg7 Qxc2 34.Qg3+ Ka7 35.Qd3 Qxd3 36.Rxd3 e5
37.Bf5 Bc5 38.Rh3  1-0

[Event "Asian Junior Open 2012"]
[Site "Tashkent UZB"]
[Date "2012.05.30"]
[Round "1.7"]
[White "Igonin,Temur"]
[Black "Artemenko,O"]
[Result "1-0"]
[WhiteElo "1917"]
[BlackElo "2298"]

1.e4 c5 2.Nf3 Nc6 3.d4 cxd4 4.Nxd4 Nf6 5.Nc3 d6 6.Bg5 e6 7.Qd2 a6 8.O-O-O Bd7
9.f3 Be7 10.g4 b5 11.Be3 h6 12.h4 Qa5 13.Nb3 Qc7 14.a3 Ne5 15.Be2 Nc4 16.Bxc4 bxc4
17.Nd4 O-O-O 18.g5 Ng8 19.Rhg1 h5 20.Nde2 g6 21.f4 Rh7 22.Rg3 Be8 23.f5 gxf5
24.exf5 d5 25.Nf4 Bd6 26.fxe6 d4 27.Qxd4 Bxf4 28.Qxd8+ Qxd8 29.Rxd8+ Kxd8
30.Bxf4 fxe6 31.Ne4 Rf7 32.Be3 Rf1+ 33.Kd2 Rh1 34.g6 Kc7 35.Bg5 Kc6 36.Nf6 Nxf6
37.Bxf6 Rf1 38.Be7 Kd7 39.Bc5 Rf5 40.Bb4 a5 41.Bc3 Rf8 42.Bxa5 Rg8 43.g7 Bf7
44.Bb4 Rd8 45.Kc3 e5 46.Bf8 Bg8 47.Rg5 e4 48.Rxh5 Re8 49.Kd2 e3+ 50.Ke2 c3
51.b3 Bxb3 52.cxb3 c2 53.g8=Q c1=Q 54.Qf7+  1-0

[Event "Albena Masters Open 2012"]
[Site "Albena BUL"]
[Date "2012.05.31"]
[Round "6.32"]
[White "Aginian,N"]
[Black "De Seroux,C"]
[Result "1-0"]
[WhiteElo "2254"]
[BlackElo "2128"]

1.e4 c5 2.Nf3 d6 3.d4 cxd4 4.Nxd4 Nf6 5.Nc3 Nc6 6.Bg5 Qb6 7.Nb3 e6 8.Bf4 Ne5
9.Be3 Qd8 10.f4 Nc6 11.g4 Be7 12.g5 Nd7 13.Nb5 Nb6 14.Qd2 a6 15.Nc3 Nd7 16.Bg2 Qc7
17.O-O-O b5 18.h4 Nb6 19.Qf2 Nc4 20.f5 b4 21.Ne2 Nxe3 22.Qxe3 a5 23.Nbd4 Ne5
24.fxe6 fxe6 25.Nf4 Qa7 26.Bh3 a4 27.Nfxe6 b3 28.cxb3 Bxe6 29.Bxe6 a3 30.Rh2 Rf8
31.Bd5 Rf3 32.Qe2 axb2+ 33.Qxb2 Nd3+ 34.Rxd3 Rc8+ 35.Rc2 Rxc2+ 36.Qxc2 Rf1+
37.Kb2 Qa6 38.Qc6+  1-0

[Event "Albena Masters Open 2012"]
[Site "Albena BUL"]
[Date "2012.05.31"]
[Round "6.31"]
[White "Dastan,B"]
[Black "Iovcov,V"]
[Result "1-0"]
[WhiteElo "2272"]
[BlackElo "2171"]

1.e4 c5 2.Nf3 d6 3.d4 cxd4 4.Nxd4 Nf6 5.Nc3 Nc6 6.Bg5 e6 7.Qd2 a6 8.O-O-O Be7
9.f3 Nxd4 10.Qxd4 b5 11.g4 Qa5 12.a3 O-O 13.Bd2 Qc7 14.h4 Nd7 15.h5 Qc5 16.Qxc5 Nxc5
17.Bf4 Rd8 18.b4 Nb7 19.g5 Bd7 20.Bd3 Bc6 21.Be3 d5 22.exd5 exd5 23.Ne2 Nd6
24.Nd4 Bd7 25.Bf4 a5 26.Rhe1 Bf8 27.c3 Rdc8 28.Bxd6 Bxd6 29.Kb2 Rab8 30.Bf5 Rc7
31.Bxd7 Rxd7 32.Nc6 Rc8 33.Rxd5 Kf8 34.Ne5 Bxe5 35.Rexe5 Rxd5 36.Rxd5 axb4
37.axb4 Rb8 38.Kc2 Ke7 39.Kd3 Ke6 40.Ke4 g6 41.h6 Rb7 42.Rd8 Rc7 43.Kd3 Rb7
44.Rh8 Kf5 45.Rxh7 Rd7+ 46.Ke3 Kxg5 47.Rh8 Rd5 48.h7 Kh6 49.Rf8 Kxh7 50.Rxf7+ Kh6
51.Rc7 Rd1 52.Rc5 Rc1 53.Kd2 Rf1 54.Rxb5 Rxf3 55.Re5 g5 56.Re3 Rf5 57.c4 g4
58.Kc3 Kg5 59.b5 Kf4 60.Re1 g3  1-0

[Event "Albena Masters Open 2012"]
[Site "Albena BUL"]
[Date "2012.06.02"]
[Round "8.4"]
[White "Solak,D"]
[Black "Ashwin,J"]
[Result "1/2-1/2"]
[WhiteElo "2586"]
[BlackElo "2471"]

1.e4 c5 2.Nf3 d6 3.d4 cxd4 4.Nxd4 Nf6 5.Nc3 Nc6 6.Bg5 e6 7.Qd2 a6 8.O-O-O Be7
9.f4 Bd7 10.Nf3 b5 11.Bxf6 gxf6 12.Kb1 Qb6 13.f5 O-O-O 14.Ne2 Kb8 15.Nf4 Bc8
16.Bd3 Ne5 17.Be2 d5 18.exd5 Nxf3 19.Bxf3 e5 20.Ne2 Bxf5 21.Ng3 Bg6 22.Qe2 Rc8
23.Be4 Rc4 24.Nf5 Qc5 25.Bd3 Bxf5 26.Bxf5 Rd8 27.Bxh7 Rxd5 28.Rxd5 Qxd5 29.Rd1 Rd4
30.Rxd4 Qxd4 31.a3 Qg1+ 32.Ka2 Qxh2 33.Bg8 Qf4 34.Bxf7 e4 35.c4 Qe5 36.cxb5 axb5
37.Be8 Bxa3 38.Qxb5+  1/2-1/2

[Event "10th IM Int"]
[Site "Sao Jose do Rio Preto BRA"]
[Date "2012.06.02"]
[Round "5.2"]
[White "Gattass,A"]
[Black "Barreto Filho,C"]
[Result "1-0"]
[WhiteElo "2256"]
[BlackElo "2346"]

1.e4 c5 2.Nf3 d6 3.d4 cxd4 4.Nxd4 Nf6 5.Nc3 Nc6 6.Bg5 e6 7.Qd2 a6 8.f3 Be7
9.O-O-O Nxd4 10.Qxd4 b5 11.h4 Bb7 12.Kb1 Rc8 13.Be3 O-O 14.h5 h6 15.g4 Ne8
16.Qd2 d5 17.exd5 b4 18.Na4 Bxd5 19.Rh3 Rc6 20.Bd3 e5 21.Rg3 Bh4 22.Rh3 Be7
23.Rg1 Bg5 24.Bxg5 Qxg5 25.Qxb4 Nf6 26.Re1 e4 27.fxe4 Qxg4 28.Rhh1 Be6 29.Qd2 Kh8
30.Reg1 Qf3 31.Rf1 Qg3 32.Qf4 Qxf4 33.Rxf4 Rb8 34.b3 Nd7 35.Be2 Ne5 36.Nb2 Rbc8
37.c4 Rd6 38.Rd1 Rxd1+ 39.Nxd1 Rd8 40.Kc2 Nc6 41.Kc3 Nd4 42.Bd3 g5 43.hxg6 fxg6
44.Ne3 Kg7 45.e5 Nc6 46.Bxg6 Nxe5 47.Be4 a5 48.Nf5+  1-0

[Event "FSFMA June 2012"]
[Site "Budapest HUN"]
[Date "2012.06.06"]
[Round "5.4"]
[White "Schenkerik,C"]
[Black "Darazs,Z"]
[Result "1/2-1/2"]
[WhiteElo "2156"]
[BlackElo "2136"]

1.e4 c5 2.Nf3 Nc6 3.d4 cxd4 4.Nxd4 Nf6 5.Nc3 d6 6.Bg5 e6 7.f4 Qb6 8.Nb3 h6
9.Bxf6 gxf6 10.Qd2 a6 11.O-O-O Bd7 12.Kb1 O-O-O  1/2-1/2

[Event "5th Sudety Open 2012"]
[Site "Szklarska Poreba POL"]
[Date "2012.06.06"]
[Round "4"]
[White "Obrusnik,M"]
[Black "Galazewski,T"]
[Result "1/2-1/2"]
[WhiteElo "2227"]
[BlackElo "2267"]

1.e4 c5 2.Nf3 d6 3.d4 cxd4 4.Nxd4 Nf6 5.Nc3 Nc6 6.Bg5 e6 7.Qd2 a6 8.O-O-O Bd7
9.f4 h6 10.Bh4 g5 11.fxg5 Ng4 12.Be2 Nge5 13.Nf3 Be7 14.Rhg1 b5 15.Kb1 Rc8
16.Rdf1 Qa5 17.Bg3 hxg5 18.Qe3  1/2-1/2

[Event "Server24Chess 2012"]
[Site "Ortisei ITA"]
[Date "2012.06.07"]
[Round "6"]
[White "Baron,Ta"]
[Black "Schaefer,Mi1"]
[Result "1-0"]
[WhiteElo "2467"]
[BlackElo "2179"]

1.e4 c5 2.Nf3 Nc6 3.d4 cxd4 4.Nxd4 Nf6 5.Nc3 d6 6.Bg5 e6 7.Qd2 a6 8.O-O-O Bd7
9.f4 b5 10.Bxf6 gxf6 11.Kb1 Qb6 12.Nxc6 Bxc6 13.f5 Qc5 14.Bd3 b4 15.Ne2 e5
16.c3 Rb8 17.cxb4 Qxb4 18.Qxb4 Rxb4 19.Nc3 Rg8 20.g3 Rg4 21.Rhe1 Kd7 22.b3 Rd4
23.Kb2 a5 24.Bb5 Rxd1 25.Bxc6+ Kxc6 26.Rxd1 h5 27.Rc1 Bh6 28.Rc2 Kb7 29.Re2 h4
30.gxh4 Rxh4 31.Nd5 Bf4 32.Ka3 Ka6 33.Nxf6 Rxh2 34.Rxh2 Bxh2 35.Ka4 Bg1 36.Nd5 Bf2
37.a3 Be1 38.b4 axb4 39.axb4 Bd2 40.b5+ Kb7 41.Kb3 Be1 42.Kc4 Bd2 43.Ne7 Bg5
44.Nc6 Kc7 45.Kd5 Be3 46.Na5 Bd4 47.Nc4 Bc5 48.Nxe5  1-0

[Event "Asian Junior Open 2012"]
[Site "Tashkent UZB"]
[Date "2012.06.07"]
[Round "9.11"]
[White "Alikulov,Elbek"]
[Black "Guseynov,A"]
[Result "1-0"]
[WhiteElo "2249"]
[BlackElo "2134"]

1.e4 c5 2.Nf3 Nc6 3.d4 cxd4 4.Nxd4 Nf6 5.Nc3 d6 6.Bg5 Bd7 7.Bxf6 gxf6 8.Bc4 e6
9.Bb3 h5 10.Nxc6 bxc6 11.Qe2 Qa5 12.O-O-O Be7 13.Kb1 O-O-O 14.Rd4 Kb8 15.Rhd1 Ka8
16.f4 Rb8 17.Ra4 Qc7 18.f5 Rb6 19.Bc4 exf5 20.exf5 Bxf5 21.Re1 Bd8 22.Bb3 d5
23.g3 Be6 24.Rf4 Be7 25.Qf2 Rbb8 26.Ne2 c5 27.c4 d4 28.Nc1 Rbd8 29.Nd3 Kb8
30.Rc1 h4 31.gxh4 f5 32.Bd1 Bd6 33.Rf3 Qe7 34.h5 Rxh5 35.Ne5 Bxe5 36.Rb3+ Kc7
37.Bxh5 Rb8 38.Qe1 Bf4 39.Qa5+ Kc8 40.Rg1 f6 41.Rh3 Bxc4 42.Bf3 Bc7 43.Qxa7 Rb6
44.Qa4 Bb5 45.Qa8+ Kd7 46.Qd5+ Bd6 47.Qxf5+ Qe6 48.Rh7+ Be7 49.Qxe6+ Kxe6
50.Re1+  1-0

[Event "4th Rheinland-Pfalz Open 2012"]
[Site "Altenkirchen GER"]
[Date "2012.06.09"]
[Round "6.4"]
[White "Vovk,Y"]
[Black "Shishkin,Va UKR"]
[Result "1/2-1/2"]
[WhiteElo "2562"]
[BlackElo "2492"]

1.e4 c5 2.Nf3 Nc6 3.d4 cxd4 4.Nxd4 Nf6 5.Nc3 d6 6.Bg5 Bd7 7.Qd2 h6 8.Bxf6 gxf6
9.O-O-O Nxd4 10.Qxd4 Qa5 11.Bc4 Rc8 12.Bb3 Qc5 13.Qd2 b5 14.Nd5 Bg7 15.Rhe1 e6
16.Ne3 Bc6 17.f3 Rd8 18.a3 h5 19.Qa5 Bh6 20.Rd3 Qb6 21.Qc3 Ke7 22.Kb1 Bxe3
23.Rexe3 a5 24.Rd4 Rd7 25.f4 Rg8 26.g3 h4 27.Qd2 hxg3 28.hxg3 Rh8 29.c3 Qc5
30.Re1 Rg8 31.Qf2 f5 32.exf5 Qxf5+ 33.Bc2 Qh3 34.Rd3 Qg2 35.Qe3 Rh8 36.f5 Rh2
37.Qc1 e5 38.Red1 Qxc2+ 39.Qxc2 Rxc2 40.Kxc2 Be4 41.Kd2 Bxd3 42.Kxd3 d5 43.Ke3 Kf6
44.g4 Rd8 45.Kf3 Rd7 46.Rh1 b4 47.axb4 axb4 48.cxb4 Rb7 49.Rh6+ Ke7 50.Ra6 f6
51.Ra4 Kf7 52.Kg3 Kg7 53.Ra5 Rxb4 54.Rxd5 Rxb2 55.Rd7+ Kf8 56.g5 fxg5 57.Kg4 e4
58.Kxg5 e3 59.Rd1  1/2-1/2

[Event "5th Sudety Open 2012"]
[Site "Szklarska Poreba POL"]
[Date "2012.06.09"]
[Round "8"]
[White "Lukasiewicz,An"]
[Black "Galazewski,T"]
[Result "1/2-1/2"]
[WhiteElo "2060"]
[BlackElo "2267"]

1.e4 c5 2.Nf3 d6 3.d4 cxd4 4.Nxd4 Nf6 5.Nc3 Nc6 6.Bg5 e6 7.Qd2 a6 8.O-O-O Bd7
9.f4 h6 10.Bh4 g5 11.fxg5 Ng4 12.Nxc6 Bxc6 13.Be2 Ne5 14.Kb1 Ng6 15.g3 Be7
16.gxh6 Nxh4 17.gxh4 Bf8 18.Qd4 Rxh6 19.h5 Qa5 20.Rhf1 Qc5 21.Qd3 Qe5 22.Qf3 Rh7
23.Qf2 Qc5 24.Qg3 O-O-O 25.Qg8 Rg7 26.Qh8 Qe5 27.h6 Rg6 28.Qxe5 dxe5 29.h7 Rh6
30.Rxf7 Bc5 31.Rg7 Bd4 32.Bg4 Kb8 33.Rg8 Kc7 34.Rxd8 Kxd8 35.Bxe6 Rxh7 36.h3 Ke7
37.Bf5 Rh4 38.Bg4 Bxc3 39.bxc3 Kf6 40.Rf1+ Ke7 41.Rf5 Kd6 42.Rf6+ Kc5 43.Re6 Kc4
44.Rxe5 Kxc3 45.Re7 Rh8 46.Rf7 Bxe4  1/2-1/2

[Event "GEO-AZE Friendship 2012"]
[Site "Tbilisi GEO"]
[Date "2012.06.09"]
[Round "3"]
[White "Safarli,E"]
[Black "Jobava,Ba"]
[Result "1/2-1/2"]
[WhiteElo "2620"]
[BlackElo "2721"]

1.e4 c5 2.Nf3 d6 3.d4 cxd4 4.Nxd4 Nf6 5.Nc3 Nc6 6.Bg5 e6 7.Qd2 Be7 8.O-O-O O-O
9.f4 Nxd4 10.Qxd4 Qc7 11.Bc4 Rd8 12.Bb3 Bd7 13.Rhe1 a5 14.Bxf6 Bxf6 15.Qxd6 Qxd6
16.Rxd6 a4 17.Bc4 g5 18.Red1 Bc6 19.Rxd8+ Bxd8 20.f5 exf5 21.exf5 a3 22.bxa3 Be7
23.a4 Ba3+ 24.Kb1 Bxg2 25.Rd7 Kh8 26.Bxf7 Bc6 27.Rd3 Rf8 28.Be6 g4 29.Nd5 Bxd5
30.Rxd5 h5 31.c4 Kg7 32.Kc2 Kf6 33.Kd3 Ra8 34.Rd7 Rxa4 35.Rh7 Bd6 36.Rxh5 Rxa2
37.c5 Rxh2 38.Rxh2 Bxh2 39.Ke4  1/2-1/2

[Event "16th Voronezh Master Open"]
[Site "Voronezh RUS"]
[Date "2012.06.13"]
[Round "2.38"]
[White "Kostrikina,A"]
[Black "Pasiev,R"]
[Result "0-1"]
[WhiteElo "2177"]
[BlackElo "2323"]

1.e4 c5 2.Nf3 d6 3.d4 cxd4 4.Nxd4 Nf6 5.Nc3 Nc6 6.Bg5 e6 7.Qd2 Be7 8.O-O-O O-O
9.f3 Nxd4 10.Qxd4 Qa5 11.Be3 Bd7 12.g4 b5 13.Kb1 b4 14.Ne2 e5 15.Qd2 Be6
16.Nc1 Rfd8 17.g5 Nd7 18.Nb3 Qc7 19.Qxb4 a5 20.Qd2 a4 21.Nc1 d5 22.exd5 Bxd5
23.Qf2 Qc6 24.Bg2 Rab8 25.b3 Ba3 26.Rd3 Nc5 27.Bxc5 Bxc5 28.Qd2 axb3 29.axb3 Bd4
30.Ne2 Bc4 31.Nxd4 exd4 32.f4 Qc5 33.Rd1 Bxd3 34.Qxd3 Qa3 35.Qc4 Rdc8 36.Qxd4 Rxb3+
37.cxb3 Qxb3+ 38.Ka1 Qa3+ 39.Kb1 Rb8+ 40.Kc2 Qa2+ 41.Kd3 Rb3+ 42.Ke4 Qxg2+
43.Ke5 Qe2+ 44.Kd6 Qa6+ 45.Kd5 Qe6+ 46.Kc5 Qb6+ 47.Kd5 Rb5+ 48.Ke4 Rb4  0-1

[Event "26th Pula Open"]
[Site "Pula CRO"]
[Date "2012.06.14"]
[Round "7.22"]
[White "Brinck Claussen,B"]
[Black "Kolesar,Mil"]
[Result "1-0"]
[WhiteElo "2286"]
[BlackElo "2162"]

1.e4 c5 2.Nf3 d6 3.d4 cxd4 4.Nxd4 Nf6 5.Nc3 Nc6 6.Bg5 e6 7.Qd2 a6 8.O-O-O Bd7
9.f4 b5 10.Bxf6 gxf6 11.Nxc6 Bxc6 12.Qe3 Qe7 13.Bd3 Qa7 14.Qe2 Be7 15.Rhe1 b4
16.Nb1 Qb7 17.f5 e5 18.Bc4 Bf8 19.Qh5 O-O-O 20.Bd5 Bxd5 21.Rxd5 Rg8 22.g3 Rg5
23.Qf3 Rd7 24.Nd2 Rc7 25.Nb3 h5 26.Qd3 Kb8 27.Na5 Qc8 28.Qb3 Ka7 29.Re2 h4
30.Qe3+ Ka8 31.b3 hxg3 32.hxg3 Rh5 33.Kb2 Rc3 34.Qb6 Rh1 35.Qxb4 Rxg3 36.Nc4 Qc7
37.Re1 Rgg1 38.Rxg1 Rxg1 39.Qd2 Rh1 40.Qg2 Re1 41.Qg8 Qb8 42.Ra5  1-0

[Event "Teplice Open 2012"]
[Site "Teplice CZE"]
[Date "2012.06.16"]
[Round "1.21"]
[White "Cenek,M2"]
[Black "Furman,Bo"]
[Result "0-1"]
[WhiteElo "1900"]
[BlackElo "2285"]

1.e4 c5 2.Nf3 Nc6 3.d4 cxd4 4.Nxd4 Nf6 5.Nc3 d6 6.Bg5 e6 7.Qd2 Be7 8.O-O-O O-O
9.Bc4 a6 10.Bb3 Na5 11.Rhe1 Nxb3+ 12.Nxb3 Qc7 13.f3 b5 14.Kb1 Rd8 15.Qe3 b4
16.Ne2 a5 17.f4 h6 18.Bxf6 Bxf6 19.e5 dxe5 20.Rxd8+ Qxd8 21.fxe5 Bg5 22.Qd4 Ba6
23.Ng3 a4 24.Qxd8+ Rxd8 25.Nc5 Bb5 26.Nge4 Bf4 27.Nd6 Bc6 28.Nd3 Bxh2 29.Nxb4 Bxg2
30.Re2 Bxe5 31.Rxe5 Rxd6 32.c4 Rd4 33.b3 g6 34.Kc2 axb3+ 35.axb3 h5 36.Kc3 Re4
37.Rg5 Re3+ 38.Kb2 Re2+ 39.Kc3 h4 40.Rg4 h3 41.Rh4 Re4  0-1

[Event "16th Voronezh Master Open"]
[Site "Voronezh RUS"]
[Date "2012.06.16"]
[Round "5.48"]
[White "Nevioselaya,M"]
[Black "Komiagina,M"]
[Result "1-0"]
[WhiteElo "2026"]
[BlackElo "2244"]

1.e4 c5 2.Nf3 Nc6 3.d4 cxd4 4.Nxd4 Nf6 5.Nc3 d6 6.Bg5 e6 7.Qd2 a6 8.O-O-O Bd7
9.f4 h6 10.Bh4 Qc7 11.Be2 Be7 12.Nf3 Rc8 13.e5 dxe5 14.Nxe5 Nxe5 15.fxe5 Nd5
16.Nxd5 exd5 17.Bxe7 Kxe7 18.Bf3 Bf5 19.c3 Rhd8 20.Qf4 Be6 21.Rd4 b5 22.Be2 Qc5
23.a3 a5 24.Kd2 b4 25.axb4 axb4 26.Rc1 bxc3+ 27.bxc3 Ra8 28.Rc2 Ra1 29.g4 Qa5
30.g5 Ra2 31.gxh6 Rxc2+ 32.Kxc2 Qa2+ 33.Kd3 Qb1+ 34.Ke3 Qc1+ 35.Rd2 Qxc3+
36.Kf2 Qc5+ 37.Kg2 gxh6 38.Qh4+ Ke8 39.Rb2 Qe7 40.Qxh6 Bd7 41.Rb3 Qf8 42.Qf6 Qe7
43.Rg3 Qf8 44.Bh5 Rc8 45.e6 Rc2+ 46.Kh3 Bxe6+ 47.Qxe6+  1-0

[Event "Paleros Open"]
[Site "Paleros GRE"]
[Date "2012.06.18"]
[Round "4"]
[White "Dorfanis,I"]
[Black "Zavoronkov,V"]
[Result "1/2-1/2"]
[WhiteElo "2225"]
[BlackElo "2371"]

1.e4 c5 2.Nf3 Nc6 3.d4 cxd4 4.Nxd4 Nf6 5.Nc3 d6 6.Bg5 e6 7.Qd2 a6 8.O-O-O h6
9.Nxc6 bxc6 10.Bf4 d5 11.Qe3 Bb4 12.a3 Bxc3 13.Qxc3 Nxe4 14.Qxg7 Qf6 15.Qxf6 Nxf6
16.Be5 Ke7 17.g4 Rg8 18.f3 Nd7 19.Bf4 Rh8 20.Bg3 f6 21.Bg2 e5 22.Rhe1 Nb6
23.b3 Be6 24.h3 Rhg8 25.a4 h5 26.a5 Nd7 27.Bf1 hxg4 28.hxg4 Kd6 29.Rd2 Bf7
30.Bh2 c5 31.Bc4 Rh8 32.Bg1 Rh3 33.Red1 d4 34.Bxf7 Rxf3 35.Bg6 Rg3 36.Bf5 Rh8
37.b4 Nb8 38.Bf2 Rf3 39.bxc5+ Kxc5 40.Be4 Rf4 41.Re2 Rh3 42.Bg2 Ra3 43.Kb2 Rxa5
44.g5 Rb5+ 45.Kc1 Nc6 46.Bg3 Rg4 47.Bxc6 Kxc6 48.gxf6 Rxg3 49.Rf1 Rg8 50.f7 Rf8
51.Rf6+ Kd5 52.Kd2 Rc5 53.Rg2 a5 54.Rg7 e4 55.Rg8 Rcc8 56.Rg5+ Kc4 57.Rxa5 e3+
58.Kd1 Rc7 59.Raf5 Kc3 60.Rf4 Kc4 61.Rd6 Rcxf7 62.Rdxd4+ Kc5 63.Rxf7 Rxf7
64.Re4 Rf1+ 65.Ke2 Rf2+  1/2-1/2

[Event "16th Voronezh Master Open"]
[Site "Voronezh RUS"]
[Date "2012.06.18"]
[Round "6.44"]
[White "Papp,Petra"]
[Black "Khalukov,Y"]
[Result "1-0"]
[WhiteElo "2292"]
[BlackElo "2192"]

1.e4 c5 2.Nf3 d6 3.d4 cxd4 4.Nxd4 Nf6 5.Nc3 Nc6 6.Bg5 e6 7.Qd2 a6 8.O-O-O Bd7
9.f3 h6 10.Be3 b5 11.Nxc6 Bxc6 12.Ne2 Qc7 13.Nd4 Bb7 14.Kb1 Rc8 15.g4 e5
16.Nf5 d5 17.exd5 Nxd5 18.Bd3 g6 19.Ng3 Bg7 20.Be4 Nxe3 21.Qxe3 Bxe4 22.Qxe4 O-O
23.h4 Qa5 24.h5 Rc4 25.Qd5 e4 26.Nxe4 Bxb2 27.Kxb2 Rfc8 28.Rh2 Qb4+ 29.Ka1 Rxe4
30.Qxe4 Qc3+ 31.Kb1 Rc4 32.Qe8+ Kg7 33.a3 Rc8 34.Qd7  1-0

[Event "16th Voronezh Master Open"]
[Site "Voronezh RUS"]
[Date "2012.06.19"]
[Round "7.17"]
[White "Shaposhnikov,E"]
[Black "Lutsko,I"]
[Result "1-0"]
[WhiteElo "2551"]
[BlackElo "2335"]

1.e4 c5 2.Nf3 d6 3.d4 cxd4 4.Nxd4 Nf6 5.Nc3 Nc6 6.Bg5 e6 7.Qd2 Be7 8.O-O-O O-O
9.f3 a6 10.Kb1 Qc7 11.g4 Rd8 12.Be3 Nxd4 13.Bxd4 b5 14.g5 Nd7 15.a3 Ne5 16.Qf2 Rb8
17.f4 Nc6 18.Be3 b4 19.axb4 Nxb4 20.Qe1 Bd7 21.Rd4 Qb7 22.Bc1 e5 23.Rd1 exf4
24.h4 Rdc8 25.Rh2 Bg4 26.Rd4 Qb6 27.Nd5 Nxd5 28.Rxd5 Be6 29.Rd3 Rc5 30.Ra3 a5
31.b3 f6 32.g6 hxg6 33.Bxf4 a4 34.Be3 axb3 35.c3 f5 36.Bxc5 Qxc5 37.exf5 Bxf5+
38.Kb2 Bf6 39.Bh3  1-0

[Event "65th ch-RUS HL"]
[Site "Tyumen RUS"]
[Date "2012.06.21"]
[Round "6"]
[White "Demchenko,A"]
[Black "Sergeev,Ve"]
[Result "1-0"]
[WhiteElo "2575"]
[BlackElo "2397"]

1.e4 c5 2.Nf3 Nc6 3.d4 cxd4 4.Nxd4 Nf6 5.Nc3 d6 6.Bg5 e6 7.Qd2 Be7 8.O-O-O O-O
9.f3 Nxd4 10.Qxd4 a6 11.h4 Qc7 12.Qd2 b5 13.Ne2 Rd8 14.g4 Bb7 15.Bg2 Rac8
16.Kb1 e5 17.Bxf6 Bxf6 18.g5 Be7 19.Bh3 Rb8 20.Nc3 Qc4 21.Bf1 Qc5 22.Bd3 Kh8
23.Qe2 Rf8 24.Nd5 Bxd5 25.exd5 f5 26.gxf6 Rxf6 27.Be4 Rh6 28.h5 a5 29.Rd3 b4
30.Qd2 Qb6 31.c3 Qd8 32.cxb4 Bg5 33.Qe1 axb4 34.Rb3 Rc8 35.Rxb4 Rc1+ 36.Qxc1 Bxc1
37.Rxc1 Rf6 38.Rb7 g6 39.Rcc7  1-0

[Event "Stockholm Master Open 2012"]
[Site "Stockholm SWE"]
[Date "2012.06.28"]
[Round "1,1"]
[White "Blomqvist,E"]
[Black "Bryntze,S"]
[Result "1/2-1/2"]
[WhiteElo "2454"]
[BlackElo "2155"]

1.Nf3 c5 2.e4 d6 3.d4 cxd4 4.Nxd4 Nf6 5.Nc3 Nc6 6.Bg5 Qa5 7.Bxf6 gxf6 8.Bb5 Bd7
9.Nb3 Qd8 10.Qh5 a6 11.Be2 Rc8 12.O-O-O Bg7 13.Kb1 f5 14.exf5 Bxc3 15.bxc3 a5
16.a4 Qb6 17.f4 Na7 18.Bf3 Bxa4 19.Bd5 Nb5 20.Qxf7+ Kd8 21.Rd3 Bxb3 22.cxb3 Qf2
23.Rc1 Na3+ 24.Ka1 Nc2+ 25.Kb1 Na3+ 26.Ka1 Nc2+ 27.Kb1  1/2-1/2

[Event "40th TCh-GRE 2012"]
[Site "Achaea GRE"]
[Date "2012.07.01"]
[Round "2.3"]
[White "Hristodoulou,P"]
[Black "Papadogiannis,S"]
[Result "0-1"]
[WhiteElo "2223"]
[BlackElo "2031"]

1.e4 c5 2.Nf3 d6 3.d4 cxd4 4.Nxd4 Nf6 5.Nc3 Nc6 6.Bg5 Qb6 7.Nb3 e6 8.Bf4 Ne5
9.Be3 Qc7 10.f4 Nc6 11.g4 d5 12.e5 Nd7 13.Nb5 Qd8 14.h4 a6 15.N5d4 Be7 16.Bf2 Nxd4
17.Qxd4 f6 18.O-O-O fxe5 19.fxe5 O-O 20.Bg3 a5 21.Bg2 a4 22.Nd2 Bc5 23.Qd3 Qa5
24.Rhf1 a3 25.b3 b6 26.Rxf8+ Bxf8 27.Qf3 Ba6 28.Bf1 Bb4 29.Bxa6 Qxa6 30.Qe3 Bxd2+
31.Qxd2 Nc5 32.Bf2 Ne4 33.Qd4 Qe2 34.Be1 Rc8 35.Qd3 Qxg4 36.Qa6 Rf8 37.Qxb6 Qf4+
38.Kb1 Qxe5 39.Bb4 Qb2+  0-1

[Event "Perla Baltyku Open 2012"]
[Site "Lazy POL"]
[Date "2012.07.01"]
[Round "2.4"]
[White "Szadkowski,Ka"]
[Black "Shishkin,Va UKR"]
[Result "0-1"]
[WhiteElo "2253"]
[BlackElo "2492"]

1.e4 c5 2.Nf3 Nc6 3.d4 cxd4 4.Nxd4 Nf6 5.Nc3 d6 6.Bg5 Bd7 7.Be2 Qa5 8.Bxf6 gxf6
9.O-O Rg8 10.Kh1 Nxd4 11.Qxd4 Bg7 12.Nd5 Bc6 13.Rad1 f5 14.b4 Bxd4 15.bxa5 Bxd5
16.exd5 Bc5 17.a6 bxa6 18.Bxa6 e5 19.Rd3 Rb8 20.Rb3 Ke7 21.f3 Kf6 22.Rfb1 Rb6
23.Bd3 Re8 24.Re1 h5 25.g3 Rb4 26.c3 Rb6 27.Kg2 Reb8 28.Reb1 Be3 29.R1b2 Rc8
30.Rc2 Rc5 31.c4 Ra5 32.h3 Bd4 33.Re2 Bc5 34.Bb1 Ra4 35.Bd3 Rba6 36.Bb1 R6a5
37.Rc2 Bd4 38.g4 hxg4 39.hxg4 fxg4 40.fxg4 Rc5 41.Rf3+ Kg7 42.Rc1 Raxc4 43.Rh1 Rc2+
44.Bxc2 Rxc2+ 45.Kh3 e4 46.Rf4 Re2 47.g5 Kg6 48.Rhf1 Be5 49.Rxf7 Rxa2 50.Re7 Kxg5
51.Rg1+ Kf4 52.Rf7+ Ke3 53.Re1+ Kd3 54.Rd1+ Ke2 55.Rg1 Ra3+ 56.Kg4 e3 57.Rg2+ Kd3
58.Rf3 Ke4 59.Re2 a5 60.Rh3 a4 61.Kg5 Bf4+ 62.Kg4 Rd3  0-1

[Event "7th Vladimir Dvorkovich Cup"]
[Site "Moscow RUS"]
[Date "2012.07.01"]
[Round "3.6"]
[White "Drozdowski,K"]
[Black "Alekseenko,K"]
[Result "1-0"]
[WhiteElo "2329"]
[BlackElo "2445"]

1.e4 c5 2.Nf3 Nc6 3.d4 cxd4 4.Nxd4 Nf6 5.Nc3 d6 6.Bg5 e6 7.Qd2 a6 8.O-O-O Bd7
9.f4 b5 10.Bxf6 gxf6 11.Kb1 Qb6 12.Nxc6 Bxc6 13.f5 b4 14.Ne2 e5 15.Ng3 h5
16.h4 a5 17.Bc4 Rc8 18.Qe2 Qc5 19.b3 a4 20.Nxh5 Be7 21.g4 Kd8 22.g5 axb3
23.Bxb3 fxg5 24.f6 Bf8 25.hxg5 Rg8 26.Ng7 Bxg7 27.Bxf7 Kc7 28.Rh7 Kb6 29.Rxg7 Rh8
30.Bb3 Rh4 31.f7 Rxe4 32.Qf1 Rf4 33.Qg1 Rf2 34.Rg8 Be4 35.Rxc8  1-0

[Event "7th Wroclaw Open A"]
[Site "Wroclaw POL"]
[Date "2012.07.02"]
[Round "1.15"]
[White "Ulanowski,K"]
[Black "Klim,K"]
[Result "0-1"]
[WhiteElo "1987"]
[BlackElo "2336"]

1.e4 c5 2.Nf3 Nc6 3.d4 cxd4 4.Nxd4 Nf6 5.Nc3 d6 6.Bg5 e6 7.Qd2 a6 8.O-O-O Bd7
9.f3 Be7 10.g4 h5 11.gxh5 Nxh5 12.Bxe7 Qxe7 13.Nde2 Rd8 14.Qxd6 Qxd6 15.Rxd6 Ke7
16.Rd1 Ne5 17.Bg2 Ng6 18.Rd2 Rc8 19.Rhd1 Be8 20.Nd4 Rc5 21.Bf1 Nhf4 22.Nb3 Rch5
23.Rd8 Ne5 24.Rc8 Bc6 25.Rxh8 Rxh8 26.Rd2 g5 27.Nd4 Rh6 28.Rf2 Rf6 29.Nxc6+ Nxc6
30.Ne2 Ne5 31.Nd4 g4 32.Kd2 gxf3 33.h3 Nfg6 34.Ke3 Nh4 35.a4 Rg6 36.Rd2 Kf6
37.b3 Rg1 38.Kf2 Rg8 39.c4 a5 40.Nb5 Kg5 41.Ke3 Kf6 42.Nd6 Rg1 43.Kf2 Rh1
44.Rd1 Kg5 45.Kg3 Ng2 46.Rb1 Nf4 47.Nxb7 Ne2+ 48.Kf2 Nc3 49.Rc1 Nxe4+ 50.Ke3 Ng3
51.Kf2 Nxf1 52.Rd1 Rh2+ 53.Ke1 Ne3  0-1

[Event "40th TCh-GRE 2012"]
[Site "Achaea GRE"]
[Date "2012.07.03"]
[Round "5.8"]
[White "Zubarev,Al1"]
[Black "Lubbe,N"]
[Result "1-0"]
[WhiteElo "2600"]
[BlackElo "2410"]

1.e4 c5 2.Nf3 d6 3.d4 cxd4 4.Nxd4 Nf6 5.Nc3 Nc6 6.Bg5 Qb6 7.Nb3 e6 8.Bf4 Ne5
9.Be3 Qc7 10.f4 Ned7 11.g4 Nc5 12.Nxc5 dxc5 13.g5 Nd7 14.Qf3 a6 15.e5 Rb8
16.Qh3 b5 17.g6 f5 18.Qxh7 Rxh7 19.gxh7 Bb7 20.Rg1 Nxe5 21.h8=Q Nf3+ 22.Kf2 Nxg1
23.Qh5+  1-0